| 000 | 00914nam a22002771 4500 | ||
|---|---|---|---|
| 001 | 21124 | ||
| 003 | BD-RjUL | ||
| 005 | 20211209000642.0 | ||
| 008 | 140303s1955 nyuo 000 0 engs | ||
| 035 | _a(BD-RjUL)21188 | ||
| 035 | _a(OCoLC)1155046 | ||
| 040 |
_aDLC _cOCU _dBD-RjUL _dDLC _beng |
||
| 041 | _aeng | ||
| 082 |
_a940.104 _bESS 1955 |
||
| 245 | 1 | 0 |
_aEssays in medieval life and thought : _bpresented in honor of Austin Patterson Evans / _cEdited by John H. Mundy, Richard W. Emery [and] Benjamin N. Nelson. |
| 260 |
_aNew York : _bColumbia University Press, _c1955. |
||
| 300 |
_axviii, 258 p. _bill. ; _c22 cm. |
||
| 600 | 1 | 0 |
_aEvans, Austin P. _q(Austin Patterson) _965303 |
| 650 | 0 |
_aMiddle Ages. _965299 |
|
| 700 | 1 |
_aMundy, John Hine _965300 |
|
| 700 | 1 |
_aEmery, Richard W. _965301 |
|
| 700 | 1 |
_aNelson, Benjamin N. _965302 |
|
| 942 |
_2ddc _cBK |
||
| 999 |
_c21124 _d21124 |
||